Social amenities in area economic growth : An analysis of methods of defining needs

Salvato in:
Dettagli Bibliografici
Autore principale: Klaassen, L. H.
Natura: Libro
Lingua:Undetermined
Pubblicazione: Paris O. E. C. D., Inc. 1968
Soggetti:
Tags: Aggiungi Tag
Nessun Tag, puoi essere il primo ad aggiungerne! !
Thư viện lưu trữ: Trung tâm Học liệu Trường Đại học Cần Thơ
LEADER 00530nam a2200181Ia 4500
001 CTU_79217
008 210402s9999 xx 000 0 und d
082 |a 309.1 
082 |b K63 
100 |a Klaassen, L. H. 
245 0 |a Social amenities in area economic growth : 
245 3 |b An analysis of methods of defining needs 
245 0 |c L. H. Klaassen 
260 |a Paris 
260 |b O. E. C. D., Inc. 
260 |c 1968 
650 |a Regional planning,Social policy 
980 |a Trung tâm Học liệu Trường Đại học Cần Thơ